[Event "Madrid ch Superveteranos 2023-2024"]
[Site "Madrid ESP"]
[Date "2024.05.21"]
[Round "6.15"]
[White "Becerra Baigorri, Jose"]
[Black "Perez Agusti, Luis"]
[Result "0-1"]
[WhiteElo "1687"]
[BlackElo "1928"]
[PlyCount "50"]
[EventDate "2024.05.13"]
[EventType "swiss"]
[EventRounds "7"]
[EventCountry "ESP"]
[SourceTitle "Ajedrez en Madrid"]
[Source "lmi"]
[SourceDate "2024.05.13"]
[SourceVersion "1"]
[SourceVersionDate "2024.05.25"]
[SourceQuality "1"]

1. e4 Nf6 2. e5 Nd5 3. c4 Nb6 4. Nf3 d6 5. d4 Nc6 6. exd6 cxd6 7. d5 Ne5 8.
Nxe5 dxe5 9. Be2 e6 10. dxe6 Qxd1+ 11. Bxd1 Bxe6 12. b3 Bb4+ 13. Bd2 Bxd2+ 14.
Nxd2 O-O-O 15. Nf3 f6 16. Bc2 Bg4 17. h3 Bxf3 18. gxf3 Nd7 19. Rd1 Kc7 20. Ke2
Nc5 21. Rxd8 Rxd8 22. Bxh7 Ne6 23. Ke3 Nf4 24. Rg1 g6 25. Rg3 f5 0-1

[Event "Madrid ch Superveteranos 2023-2024"]
[Site "Madrid ESP"]
[Date "2024.05.21"]
[Round "6.16"]
[White "Ros Martinez, Francisco Javier"]
[Black "Barahona Torrijos, Angel"]
[Result "0-1"]
[WhiteElo "1731"]
[BlackElo "1828"]
[PlyCount "66"]
[EventDate "2024.05.13"]
[EventType "swiss"]
[EventRounds "7"]
[EventCountry "ESP"]
[SourceTitle "Ajedrez en Madrid"]
[Source "lmi"]
[SourceDate "2024.05.13"]
[SourceVersion "1"]
[SourceVersionDate "2024.05.25"]
[SourceQuality "1"]

1. d4 Nf6 2. Nf3 e6 3. e3 c5 4. Bd3 Nc6 5. O-O b6 6. Nbd2 Bb7 7. a3 Rc8 8. b3
cxd4 9. exd4 Bd6 10. Bb2 Qc7 11. h3 Nd5 12. c4 Nf4 13. Bc2 O-O 14. Ne4 Be7 15.
Rc1 f5 16. Ng3 Bf6 17. Ne2 Ne7 18. Nxf4 Qxf4 19. Qd2 Ng6 20. Qxf4 Nxf4 21. Kh2
Be7 22. Ne1 Rf6 23. g3 Nxh3 24. f3 Ng5 25. Kg2 Rh6 26. Bd1 Bd6 27. Rg1 Rh3 28.
Kf2 Rh2+ 29. Rg2 Nh3+ 30. Kf1 Rxg2 31. Kxg2 Ng5 32. Kf2 h5 33. Ng2 Nh3+ 0-1

[Event "Madrid ch Superveteranos 2023-2024"]
[Site "Madrid ESP"]
[Date "2024.05.21"]
[Round "6.17"]
[White "Marcos Medina, Alejandro"]
[Black "Ghavami, Mahmoud"]
[Result "1-0"]
[WhiteElo "1766"]
[BlackElo "1682"]
[PlyCount "129"]
[EventDate "2024.05.13"]
[EventType "swiss"]
[EventRounds "7"]
[EventCountry "ESP"]
[SourceTitle "Ajedrez en Madrid"]
[Source "lmi"]
[SourceDate "2024.05.13"]
[SourceVersion "1"]
[SourceVersionDate "2024.05.25"]
[SourceQuality "1"]

1. e4 c5 2. Nc3 a6 3. a4 Nc6 4. g3 d6 5. Bg2 g6 6. Nf3 Bg7 7. O-O Nf6 8. d3 O-O
9. Bd2 Rb8 10. Nd5 e6 11. Nxf6+ Bxf6 12. c3 e5 13. b4 b6 14. b5 Na7 15. c4 a5
16. h3 Be6 17. Qc1 Nc8 18. Ne1 Bg7 19. Bh6 Qd7 20. Kh2 Ne7 21. Nc2 f5 22. Bxg7
Kxg7 23. f3 Rf6 24. Ne3 f4 25. Nd5 Bxd5 26. cxd5 fxg3+ 27. Kxg3 Rf4 28. Kf2 Ng8
29. Ra2 Qe7 30. Ke2 Nf6 31. Rc2 Rf8 32. Kd1 Nh5 33. Rcf2 R4f7 34. Kc2 Nf4 35.
Rg1 Qh4 36. Qf1 h5 37. Kd2 Kh6 38. Kc3 Rg7 39. Kb2 Qe7 40. Bh1 Rfg8 41. Rc2 Qd7
42. Bg2 g5 43. Kb3 g4 44. hxg4 hxg4 45. Rh1+ Kg6 46. fxg4 Kf7 47. Bh3 Ke8 48.
g5 Nxh3 49. Rxh3 Rxg5 50. Rf2 Qg7 51. Rhf3 Rg1 52. Qh3 Qg4 53. Qh7 Qg7 54. Qf5
Qd7 55. Qh5+ R1g6 56. Rf6 Qg4 57. Qxg4 Rxg4 58. Rxd6 R4g6 59. Rff6 Rg1 60.
Rfe6+ Kf8 61. Rd8+ Kf7 62. Rxg8 Kxg8 63. Rxe5 Rb1+ 64. Kc2 Ra1 65. d6 1-0

[Event "Madrid ch Superveteranos 2023-2024"]
[Site "Madrid ESP"]
[Date "2024.05.21"]
[Round "6.18"]
[White "Benito Mellado, Humberto"]
[Black "Olmedo Camacho, Jose"]
[Result "0-1"]
[WhiteElo "1608"]
[BlackElo "1750"]
[PlyCount "98"]
[EventDate "2024.05.13"]
[EventType "swiss"]
[EventRounds "7"]
[EventCountry "ESP"]
[SourceTitle "Ajedrez en Madrid"]
[Source "lmi"]
[SourceDate "2024.05.13"]
[SourceVersion "1"]
[SourceVersionDate "2024.05.25"]
[SourceQuality "1"]

1. d4 Nf6 2. c4 e5 3. dxe5 Ng4 4. Nf3 Bc5 5. e3 Nc6 6. Nbd2 Ngxe5 7. Nxe5 Nxe5
8. Nf3 Qe7 9. Nxe5 Qxe5 10. a3 d6 11. Qd5 a5 12. Qxe5+ dxe5 13. g3 Bf5 14. Bd2
c6 15. Bg2 O-O 16. e4 Be6 17. Rc1 Rfd8 18. Bc3 f6 19. b4 axb4 20. axb4 Bd4 21.
Bd2 Bxf2+ 22. Kxf2 Rxd2+ 23. Kg1 Raa2 24. Bf1 Rac2 25. Rxc2 Rxc2 26. c5 Rb2 27.
b5 cxb5 28. h3 Bc4 29. Bg2 Rb1+ 30. Kf2 Rxh1 31. Bxh1 Kf7 32. Bf3 Ke7 33. Be2
Kd7 34. Bg4+ Kc6 35. Bc8 b4 36. Ke3 Ba6 37. g4 g5 38. Bf5 h6 39. Be6 Kxc5 40.
Kd2 Bc4 41. Bc8 b6 42. Kc2 Kd4 43. Bb7 Bd3+ 44. Kb3 Bxe4 45. Ba6 Kc5 46. Bf1 b5
47. Kb2 Bd5 48. Kc2 Bc4 49. Bg2 Kd4 0-1

[Event "Madrid ch Superveteranos 2023-2024"]
[Site "Madrid ESP"]
[Date "2024.05.21"]
[Round "6.19"]
[White "Martinez Rubio, Felipe"]
[Black "Gonzalez Finat, Borja"]
[Result "1-0"]
[WhiteElo "1746"]
[BlackElo "1672"]
[PlyCount "65"]
[EventDate "2024.05.13"]
[EventType "swiss"]
[EventRounds "7"]
[EventCountry "ESP"]
[SourceTitle "Ajedrez en Madrid"]
[Source "lmi"]
[SourceDate "2024.05.13"]
[SourceVersion "1"]
[SourceVersionDate "2024.05.25"]
[SourceQuality "1"]

1. d4 g6 2. Nc3 Bg7 3. e4 d6 4. Bf4 Nd7 5. f3 e5 6. dxe5 dxe5 7. Be3 c6 8. Qd2
Ngf6 9. O-O-O O-O 10. Bh6 Qe7 11. h4 Bxh6 12. Qxh6 Nh5 13. Nge2 f5 14. exf5 Qg7
15. Qxg7+ Nxg7 16. fxg6 hxg6 17. Ng3 Nf6 18. Nce4 Nxe4 19. Nxe4 Nf5 20. h5 gxh5
21. Rxh5 Be6 22. Nc5 Bc8 23. Bd3 Kg7 24. Rdh1 Kf6 25. Ne4+ Ke7 26. Rh7+ Kd8 27.
g4 Ne3 28. Rh8 Rxh8 29. Rxh8+ Ke7 30. Ng3 b5 31. Nf5+ Nxf5 32. Bxf5 Bb7 33.
Rh7+ 1-0

[Event "Madrid ch Superveteranos 2023-2024"]
[Site "Madrid ESP"]
[Date "2024.05.21"]
[Round "6.20"]
[White "Diaz Begonte, Manuel"]
[Black "Ramos Antona, Enrique"]
[Result "1-0"]
[WhiteElo "1712"]
[BlackElo "1737"]
[PlyCount "51"]
[EventDate "2024.05.13"]
[EventType "swiss"]
[EventRounds "7"]
[EventCountry "ESP"]
[SourceTitle "Ajedrez en Madrid"]
[Source "lmi"]
[SourceDate "2024.05.13"]
[SourceVersion "1"]
[SourceVersionDate "2024.05.25"]
[SourceQuality "1"]

1. e4 a6 2. d4 e6 3. Bd3 d5 4. exd5 exd5 5. Ne2 Nf6 6. O-O Be7 7. Bf4 O-O 8. h3
Re8 9. Nd2 Bd6 10. Bxd6 Qxd6 11. Nf3 h6 12. c4 dxc4 13. Bxc4 Be6 14. Bd3 Bd5
15. Nc3 Bc6 16. Bc4 Ne4 17. Ne5 Re7 18. Qd3 Nxc3 19. bxc3 Be8 20. Ng6 Qf6 21.
Nxe7+ Qxe7 22. Rfe1 Qd7 23. Re3 Nc6 24. Rae1 g6 25. Qxg6+ Kf8 26. Qxh6+ 1-0

[Event "Madrid ch Superveteranos 2023-2024"]
[Site "Madrid ESP"]
[Date "2024.05.21"]
[Round "6.21"]
[White "Calle Trueba, Jose Antonio"]
[Black "Santiago Jimenez, Ramon"]
[Result "0-1"]
[WhiteElo "1633"]
[BlackElo "1663"]
[PlyCount "62"]
[EventDate "2024.05.13"]
[EventType "swiss"]
[EventRounds "7"]
[EventCountry "ESP"]
[SourceTitle "Ajedrez en Madrid"]
[Source "lmi"]
[SourceDate "2024.05.13"]
[SourceVersion "1"]
[SourceVersionDate "2024.05.25"]
[SourceQuality "1"]

1. e4 e6 2. d4 d5 3. exd5 exd5 4. Nf3 Bd6 5. Bd3 Bg4 6. O-O Ne7 7. Be3 Qd7 8.
Nbd2 Nbc6 9. a3 O-O 10. c4 Nf5 11. h3 Nxe3 12. fxe3 Be6 13. Ng5 g6 14. c5 Be7
15. Nxe6 Qxe6 16. Qf3 Bg5 17. Rae1 Rae8 18. Kh1 Qd7 19. Nb3 b6 20. Bb5 a6 21.
Bxa6 Ne7 22. Qe2 Nf5 23. Qg4 Bh4 24. Rxf5 Bxe1 25. Rf3 Qa4 26. Bb7 Qxb3 27. Qd7
Rxe3 28. Bxd5 Qd1 29. Bxf7+ Kh8 30. Bc4 Bg3+ 31. Rf1 Rxf1+ 0-1

[Event "Madrid ch Superveteranos 2023-2024"]
[Site "Madrid ESP"]
[Date "2024.05.21"]
[Round "6.22"]
[White "Siddiqie, Kausar Iqbal"]
[Black "Abad Martin-Camunas, Luis"]
[Result "1-0"]
[WhiteElo "1596"]
[BlackElo "1623"]
[PlyCount "77"]
[EventDate "2024.05.13"]
[EventType "swiss"]
[EventRounds "7"]
[EventCountry "ESP"]
[SourceTitle "Ajedrez en Madrid"]
[Source "lmi"]
[SourceDate "2024.05.13"]
[SourceVersion "1"]
[SourceVersionDate "2024.05.25"]
[SourceQuality "1"]

1. e4 c5 2. Nf3 d6 3. c3 Nc6 4. d4 cxd4 5. cxd4 e6 6. Bc4 d5 7. exd5 exd5 8.
Bb5 a6 9. Ba4 b5 10. Bb3 Be6 11. O-O Be7 12. Nc3 h6 13. Bf4 Bb4 14. Rc1 Nge7
15. Ne5 Rc8 16. a4 Qb6 17. axb5 axb5 18. Na2 Ba5 19. Nxc6 Rxc6 20. Be5 O-O 21.
Qe2 f6 22. Bg3 Nf5 23. Rxc6 Qxc6 24. Rc1 Qb6 25. Bc7 Qa6 26. Bxa5 Nxd4 27. Qd3
Nxb3 28. Qxb3 Qxa5 29. Nb4 Qa8 30. Nc6 Re8 31. Nd4 Qb7 32. h3 b4 33. Qg3 Bf7
34. Nf5 Be6 35. Rc7 Qxc7 36. Nxh6+ Kh7 37. Qxc7 Kxh6 38. Qc6 b3 39. Qxe8 1-0

[Event "Madrid ch Superveteranos 2023-2024"]
[Site "Madrid ESP"]
[Date "2024.05.21"]
[Round "6.23"]
[White "Plaza Plaza, Prudencio"]
[Black "Vasquez Escobar, Andres Eloy"]
[Result "1/2-1/2"]
[WhiteElo "1612"]
[BlackElo "1600"]
[PlyCount "58"]
[EventDate "2024.05.13"]
[EventType "swiss"]
[EventRounds "7"]
[EventCountry "ESP"]
[SourceTitle "Ajedrez en Madrid"]
[Source "lmi"]
[SourceDate "2024.05.13"]
[SourceVersion "1"]
[SourceVersionDate "2024.05.25"]
[SourceQuality "1"]

1. d4 c5 2. e3 cxd4 3. exd4 d6 4. Nf3 Nf6 5. Bd3 Bg4 6. h3 Bxf3 7. Qxf3 Nc6 8.
c3 e6 9. O-O Be7 10. Bf4 O-O 11. Nd2 Nd5 12. Qe4 Nf6 13. Qe2 Re8 14. Ne4 d5 15.
Nxf6+ Bxf6 16. Be5 a6 17. f4 Rc8 18. Rf3 Kh8 19. Raf1 b5 20. a3 Na5 21. Rg3 Nc4
22. Bxf6 Qxf6 23. Bxc4 bxc4 24. Qe5 Qxe5 25. fxe5 Kg8 26. h4 Rb8 27. Rf2 Re7
28. h5 Reb7 29. Rgf3 h6 1/2-1/2

[Event "Madrid ch Superveteranos 2023-2024"]
[Site "Madrid ESP"]
[Date "2024.05.21"]
[Round "6.25"]
[White "Infante Martin, Alonso"]
[Black "Lopez Manso, Jeronimo"]
[Result "1-0"]
[WhiteElo "1620"]
[BlackElo "1564"]
[PlyCount "58"]
[EventDate "2024.05.13"]
[EventType "swiss"]
[EventRounds "7"]
[EventCountry "ESP"]
[SourceTitle "Ajedrez en Madrid"]
[Source "lmi"]
[SourceDate "2024.05.13"]
[SourceVersion "1"]
[SourceVersionDate "2024.05.25"]
[SourceQuality "1"]

1. d4 c5 2. d5 e5 3. e4 d6 4. c4 f5 5. Nc3 Nf6 6. Bg5 Be7 7. Nf3 fxe4 8. Nd2
O-O 9. Bxf6 Bxf6 10. Ncxe4 Be7 11. Bd3 Bf5 12. Qe2 Qe8 13. f3 Qg6 14. O-O-O a6
15. g4 Bxe4 16. Bxe4 Qe8 17. h4 b5 18. Qd3 bxc4 19. Nxc4 g6 20. Kb1 Nd7 21. h5
Nf6 22. hxg6 Nxe4 23. gxh7+ Kh8 24. Qxe4 Rf4 25. Qe2 Rb8 26. Rd2 Qa4 27. Nxe5
dxe5 28. Qxe5+ Bf6 29. Qxb8+ Kg7 1-0

[Event "Madrid ch Superveteranos 2023-2024"]
[Site "Madrid ESP"]
[Date "2024.05.21"]
[Round "6.26"]
[White "Salgado Duarte, Pablo"]
[Black "Garcia Marin, Blas"]
[Result "1-0"]
[WhiteElo "1663"]
[BlackElo "1612"]
[PlyCount "51"]
[EventDate "2024.05.13"]
[EventType "swiss"]
[EventRounds "7"]
[EventCountry "ESP"]
[SourceTitle "Ajedrez en Madrid"]
[Source "lmi"]
[SourceDate "2024.05.13"]
[SourceVersion "1"]
[SourceVersionDate "2024.05.25"]
[SourceQuality "1"]

1. e4 c5 2. Nf3 Nc6 3. Nc3 e5 4. Bb5 d6 5. h3 a6 6. Bxc6+ bxc6 7. d3 Nf6 8. O-O
h6 9. Nh2 d5 10. f4 exf4 11. Bxf4 d4 12. Ne2 Be7 13. Ng3 g5 14. Be5 Rf8 15. Qf3
Nd7 16. Bg7 f6 17. Bxf8 Nxf8 18. Qh5+ Kd7 19. Nf5 Kc7 20. Nxe7 Qxe7 21. Qxh6
Be6 22. Rxf6 Kd7 23. Raf1 Nh7 24. Rxe6 Qxe6 25. Qxh7+ Kd6 26. Ng4 1-0

[Event "Madrid ch Superveteranos 2023-2024"]
[Site "Madrid ESP"]
[Date "2024.05.22"]
[Round "7.1"]
[White "Martin Martin, Luis Vicente"]
[Black "Barraza Caracuel, Ignacio"]
[Result "1/2-1/2"]
[WhiteElo "1953"]
[BlackElo "2046"]
[PlyCount "54"]
[EventDate "2024.05.13"]
[EventType "swiss"]
[EventRounds "7"]
[EventCountry "ESP"]
[SourceTitle "Ajedrez en Madrid"]
[Source "lmi"]
[SourceDate "2024.05.13"]
[SourceVersion "1"]
[SourceVersionDate "2024.05.25"]
[SourceQuality "1"]

1. d4 c5 2. c3 e6 3. Nf3 Nf6 4. Bf4 d5 5. e3 Bd6 6. Nbd2 Nc6 7. Bg3 O-O 8. Bd3
cxd4 9. exd4 Qc7 10. Bxd6 Qxd6 11. O-O e5 12. dxe5 Nxe5 13. Nxe5 Qxe5 14. Nf3
Qc7 15. Nd4 Bg4 16. Be2 Bxe2 17. Qxe2 Rfe8 18. Qf3 Re4 19. Qg3 Qb6 20. Rab1
Rae8 21. Nf5 Rg4 22. Qd3 Rge4 23. Qg3 Nh5 24. Qf3 Qg6 25. Ng3 Nxg3 26. hxg3 Qa6
27. a3 Qb5 1/2-1/2

[Event "Madrid ch Superveteranos 2023-2024"]
[Site "Madrid ESP"]
[Date "2024.05.22"]
[Round "7.2"]
[White "Pastor Alonso De Prado, Alberto"]
[Black "Hernandez Gutierrez, Jose"]
[Result "1-0"]
[WhiteElo "1980"]
[BlackElo "1805"]
[PlyCount "81"]
[EventDate "2024.05.13"]
[EventType "swiss"]
[EventRounds "7"]
[EventCountry "ESP"]
[SourceTitle "Ajedrez en Madrid"]
[Source "lmi"]
[SourceDate "2024.05.13"]
[SourceVersion "1"]
[SourceVersionDate "2024.05.25"]
[SourceQuality "1"]

1. b3 Nf6 2. Bb2 g6 3. g3 Bg7 4. Bg2 O-O 5. e4 d6 6. Ne2 e5 7. O-O Nc6 8. c4
Re8 9. Nbc3 Nd4 10. Nd5 Nxe2+ 11. Qxe2 c5 12. Nxf6+ Bxf6 13. d3 Bg5 14. Rab1
Bh6 15. a3 a5 16. Bc3 Qd7 17. Qe1 b6 18. Kh1 Qc7 19. Rb2 Bg7 20. Re2 Bd7 21. a4
Qc8 22. Bd2 Bh3 23. f4 Bxg2+ 24. Kxg2 f6 25. Ref2 Ra7 26. h4 h5 27. f5 Ree7 28.
Qe2 Qe8 29. fxg6 Qxg6 30. Rf5 Qg4 31. Qf3 Bh8 32. Rxh5 Qxf3+ 33. Kxf3 Rh7 34.
Rf5 Kf7 35. h5 Bg7 36. Kg4 Ke7 37. Bg5 Ra8 38. Bxf6+ Bxf6 39. Rxf6 Rg8+ 40. Rg6
Rgh8 41. Rf5 1-0

[Event "Madrid ch Superveteranos 2023-2024"]
[Site "Madrid ESP"]
[Date "2024.05.22"]
[Round "7.3"]
[White "Jimenez Jimenez, Jose Luis"]
[Black "Gonzalez Rivera, Eduardo"]
[Result "0-1"]
[WhiteElo "1835"]
[BlackElo "1965"]
[PlyCount "82"]
[EventDate "2024.05.13"]
[EventType "swiss"]
[EventRounds "7"]
[EventCountry "ESP"]
[SourceTitle "Ajedrez en Madrid"]
[Source "lmi"]
[SourceDate "2024.05.13"]
[SourceVersion "1"]
[SourceVersionDate "2024.05.25"]
[SourceQuality "1"]

1. e4 e5 2. Nc3 Nf6 3. f4 d5 4. exd5 e4 5. d3 Bb4 6. a3 Bxc3+ 7. bxc3 Qxd5 8.
Qe2 O-O 9. d4 Qa5 10. Qc4 Nc6 11. Bb2 Be6 12. Qb5 Nd5 13. Qxa5 Nxa5 14. g3 Ne3
15. Rc1 Nxf1 16. Kxf1 Nc4 17. Ba1 Nxa3 18. Kf2 Nc4 19. Ne2 e3+ 20. Ke1 Bd5 21.
Rg1 Nd2 22. Kd1 Nf3 23. Rh1 Nxd4 24. cxd4 Bxh1 25. c4 Rad8 26. Kc2 Be4+ 27. Kc3
c6 28. Kb4 b6 29. Rc3 a5+ 30. Ka3 Bf3 31. Rxe3 Rfe8 32. Rxf3 Rxe2 33. h4 Rde8
34. d5 R8e3+ 35. Rxe3 Rxe3+ 36. Ka4 cxd5 37. cxd5 Rd3 38. Kb5 Rxd5+ 39. Kxb6 a4
40. Kc6 Rd1 41. Bb2 Rb1 0-1

[Event "Madrid ch Superveteranos 2023-2024"]
[Site "Madrid ESP"]
[Date "2024.05.22"]
[Round "7.4"]
[White "Jimenez Ascarza, Jose Ignacio"]
[Black "Cabanas Bravo, Juan Andres"]
[Result "0-1"]
[WhiteElo "1749"]
[BlackElo "1986"]
[PlyCount "160"]
[EventDate "2024.05.13"]
[EventType "swiss"]
[EventRounds "7"]
[EventCountry "ESP"]
[SourceTitle "Ajedrez en Madrid"]
[Source "lmi"]
[SourceDate "2024.05.13"]
[SourceVersion "1"]
[SourceVersionDate "2024.05.25"]
[SourceQuality "1"]

1. e4 e5 2. Nf3 Nc6 3. Bc4 Bc5 4. c3 Nf6 5. d3 d6 6. O-O Bb6 7. h3 Ne7 8. Re1
Ng6 9. Bb3 O-O 10. d4 Qe7 11. Nbd2 Be6 12. d5 Bd7 13. Nf1 Nh5 14. Bg5 f6 15.
Be3 Nhf4 16. Bxb6 axb6 17. Ng3 f5 18. Bc2 fxe4 19. Bxe4 Rf7 20. Re3 Raf8 21.
Qc2 Bc8 22. Kh2 Qd7 23. Ng5 Rf6 24. Rf3 Nh4 25. Bxh7+ Kh8 26. Rxf4 Rxf4 27. Bg8
g6 28. Be6 Qe7 29. N3e4 Rxf2 30. Nxf2 Qxg5 31. Ng4 Bxe6 32. dxe6 Re8 33. Rf1
Nf5 34. Qe4 Rxe6 35. Qxb7 Re7 36. Qe4 Qh4 37. Rf3 d5 38. Qxd5 e4 39. Rxf5 gxf5
40. Qxf5 Kg8 41. Qg6+ Kf8 42. Nf6 Qf4+ 43. Kg1 Qc1+ 44. Kh2 Qf4+ 45. Kg1 Qc1+
46. Kh2 Rf7 47. Qg8+ Ke7 48. Nd5+ Ke6 49. Nxc7+ Kf6 50. Nd5+ Ke6 51. Qe8+ Kxd5
52. Qxf7+ Ke5 53. Qg7+ Ke6 54. Qg4+ Ke5 55. Qg7+ Ke6 56. Qg6+ Ke5 57. Qxb6 Qf4+
58. Kh1 Qc1+ 59. Qg1 Qxb2 60. Qd4+ Kf4 61. a4 Qb1+ 62. Kh2 Qd3 63. Qf6+ Ke3 64.
Qb6+ Kd2 65. Qb2+ Qc2 66. Qb4 e3 67. Qd4+ Qd3 68. Qf4 Kxc3 69. Qc7+ Kb2 70.
Qb6+ Kc2 71. Qc5+ Kd1 72. Qh5+ e2 73. Kg1 Qd4+ 74. Kh1 Qxa4 75. Qf3 Qc2 76. h4
Kc1 77. Qe3+ Qd2 78. Qa3+ Kd1 79. Qa1+ Qc1 80. Qd4+ Kc2+ 0-1

[Event "Madrid ch Superveteranos 2023-2024"]
[Site "Madrid ESP"]
[Date "2024.05.22"]
[Round "7.5"]
[White "Samaniego Bordiu, Gonzalo"]
[Black "Martinez De La Puente, Ignacio"]
[Result "1-0"]
[WhiteElo "1881"]
[BlackElo "1778"]
[PlyCount "59"]
[EventDate "2024.05.13"]
[EventType "swiss"]
[EventRounds "7"]
[EventCountry "ESP"]
[SourceTitle "Ajedrez en Madrid"]
[Source "lmi"]
[SourceDate "2024.05.13"]
[SourceVersion "1"]
[SourceVersionDate "2024.05.25"]
[SourceQuality "1"]

1. d4 d5 2. c4 c6 3. Nf3 Nf6 4. e3 e6 5. b3 Bd6 6. Bd3 O-O 7. O-O Re8 8. Bb2
Nbd7 9. Ne5 Nf8 10. f4 N6d7 11. Qh5 Qe7 12. Nd2 f6 13. Ndf3 Bxe5 14. fxe5 Qf7
15. Qh3 f5 16. Ba3 h6 17. Kh1 Qg6 18. Nh4 Qg5 19. Rf4 Qh5 20. g4 fxg4 21. Rxg4
Nh7 22. Rxg7+ Kxg7 23. Nf5+ Qxf5 24. Bxf5 exf5 25. Rg1+ Ng5 26. Qh5 Re6 27. h4
Nf8 28. Bxf8+ Kxf8 29. hxg5 hxg5 30. Qxg5 1-0

[Event "Madrid ch Superveteranos 2023-2024"]
[Site "Madrid ESP"]
[Date "2024.05.22"]
[Round "7.6"]
[White "Perez Pascual, Arturo"]
[Black "Martin-Consuegra Barrilero, Javi"]
[Result "0-1"]
[WhiteElo "1756"]
[BlackElo "1827"]
[PlyCount "106"]
[EventDate "2024.05.13"]
[EventType "swiss"]
[EventRounds "7"]
[EventCountry "ESP"]
[SourceTitle "Ajedrez en Madrid"]
[Source "lmi"]
[SourceDate "2024.05.13"]
[SourceVersion "1"]
[SourceVersionDate "2024.05.25"]
[SourceQuality "1"]

1. e4 d6 2. d4 Nf6 3. Nc3 e5 4. dxe5 dxe5 5. Qxd8+ Kxd8 6. Bg5 Be6 7. Nd5 Nbd7
8. O-O-O Kc8 9. f3 c6 10. Nxf6 Nxf6 11. a3 Kc7 12. Nh3 Nd7 13. Nf2 f6 14. Be3
b6 15. g3 Bc5 16. Bxc5 Nxc5 17. Be2 g5 18. h4 h6 19. Rh2 Rh7 20. Rdh1 Rah8 21.
hxg5 fxg5 22. Nh3 Bxh3 23. Rxh3 h5 24. b4 Ne6 25. c3 h4 26. Bc4 Nd8 27. gxh4
Rxh4 28. Bf1 Ne6 29. Kd2 Nf4 30. Rxh4 gxh4 31. Bh3 Rd8+ 32. Kc2 Rd6 33. Rh2 Rg6
34. Bg4 h3 35. Kd2 Rd6+ 36. Kc2 c5 37. b5 c4 38. a4 Kd8 39. Bxh3 Rh6 40. Rd2+
Nd3 41. Bg4 Rh1 42. Rxd3+ cxd3+ 43. Kxd3 Ke7 44. Kc4 Kd6 45. Kb3 Kc5 46. Be6
Rf1 47. Bg4 Rf2 48. Bh5 Rf1 49. Bg4 Rh1 50. Be6 Rb1+ 51. Kc2 Rf1 52. Bg4 Rf2+
53. Kb3 Re2 0-1

[Event "Madrid ch Superveteranos 2023-2024"]
[Site "Madrid ESP"]
[Date "2024.05.22"]
[Round "7.7"]
[White "Garcia Galeote, Lorenzo"]
[Black "Ortiz Landeira, Jose Antonio"]
[Result "1-0"]
[WhiteElo "1905"]
[BlackElo "1817"]
[PlyCount "85"]
[EventDate "2024.05.13"]
[EventType "swiss"]
[EventRounds "7"]
[EventCountry "ESP"]
[SourceTitle "Ajedrez en Madrid"]
[Source "lmi"]
[SourceDate "2024.05.13"]
[SourceVersion "1"]
[SourceVersionDate "2024.05.25"]
[SourceQuality "1"]

1. d4 d5 2. Bf4 e6 3. Nf3 Bd6 4. e3 c6 5. Bd3 Qc7 6. Bxd6 Qxd6 7. Nbd2 Nf6 8.
Ne5 c5 9. c3 c4 10. Bc2 Nc6 11. f4 g6 12. O-O Nd7 13. e4 b5 14. exd5 Ndxe5 15.
fxe5 Qxd5 16. Ne4 Ke7 17. Rxf7+ Kxf7 18. Qf3+ Kg7 19. Qf6+ Kh6 20. Qxh8 Bb7 21.
Qf6 Nxd4 22. Qh4+ Kg7 23. cxd4 Qxd4+ 24. Qf2 Qxe5 25. Rd1 Bd5 26. Qd4 Qxd4+ 27.
Rxd4 a6 28. Nc3 Re8 29. Nxd5 exd5 30. Kf2 Re5 31. Bd1 Kf6 32. Rd2 a5 33. Bf3
Ke6 34. Re2 d4 35. Rxe5+ Kxe5 36. Ke2 b4 37. b3 c3 38. Kd3 g5 39. g3 Kf5 40.
Be4+ Kg4 41. Bxh7 Kh3 42. Bf5+ Kxh2 43. g4 1-0

[Event "Madrid ch Superveteranos 2023-2024"]
[Site "Madrid ESP"]
[Date "2024.05.22"]
[Round "7.8"]
[White "Fernandez Garcia, Ignacio"]
[Black "Conchillo Roman, Jose Ignacio"]
[Result "0-1"]
[WhiteElo "1872"]
[BlackElo "1672"]
[PlyCount "102"]
[EventDate "2024.05.13"]
[EventType "swiss"]
[EventRounds "7"]
[EventCountry "ESP"]
[SourceTitle "Ajedrez en Madrid"]
[Source "lmi"]
[SourceDate "2024.05.13"]
[SourceVersion "1"]
[SourceVersionDate "2024.05.25"]
[SourceQuality "1"]

1. e4 c5 2. Nf3 d6 3. Nc3 Nf6 4. e5 dxe5 5. Nxe5 Nbd7 6. Bb5 a6 7. Ba4 Qc7 8.
Bxd7+ Bxd7 9. Nxd7 Qxd7 10. O-O e6 11. d3 Be7 12. Bg5 O-O 13. Bxf6 Bxf6 14. Ne4
Bxb2 15. Nxc5 Qc6 16. Rb1 Qxc5 17. Rxb2 b5 18. d4 Qc4 19. Rb3 Rfd8 20. Re1 Rxd4
21. Qa1 Rad8 22. Rc3 Qd5 23. Rg3 g6 24. h3 Rd1 25. Rxd1 Qxd1+ 26. Qxd1 Rxd1+
27. Kh2 Rd2 28. Ra3 Rxf2 29. c3 Rc2 30. Kg3 Kg7 31. Kf3 Kf6 32. g3 Ke5 33. Ke3
f5 34. Kd3 Rg2 35. Rxa6 Rxg3+ 36. Kc2 f4 37. Rb6 Rg2+ 38. Kd3 Rxa2 39. Rxb5+
Kf6 40. Ke4 g5 41. Kf3 Rc2 42. Rc5 h5 43. h4 gxh4 44. Kxf4 Rf2+ 45. Ke3 Rf5 46.
Rc4 Kg5 47. Rc8 h3 48. Rg8+ Kh4 49. Rg1 h2 50. Rh1 Kh3 51. Ra1 Rg5 0-1

[Event "Madrid ch Superveteranos 2023-2024"]
[Site "Madrid ESP"]
[Date "2024.05.22"]
[Round "7.9"]
[White "Lopez Heras, Arturo"]
[Black "Hurtado Garrido, Reyes"]
[Result "1/2-1/2"]
[WhiteElo "1841"]
[BlackElo "1785"]
[PlyCount "56"]
[EventDate "2024.05.13"]
[EventType "swiss"]
[EventRounds "7"]
[EventCountry "ESP"]
[SourceTitle "Ajedrez en Madrid"]
[Source "lmi"]
[SourceDate "2024.05.13"]
[SourceVersion "1"]
[SourceVersionDate "2024.05.25"]
[SourceQuality "1"]

1. Nf3 Nf6 2. g3 g6 3. Bg2 Bg7 4. O-O O-O 5. c4 d6 6. Nc3 e5 7. d3 Nc6 8. Bd2
h6 9. a3 a5 10. Rb1 Nd4 11. Nxd4 exd4 12. Ne4 c6 13. b4 Nxe4 14. Bxe4 Bh3 15.
Re1 axb4 16. axb4 Qd7 17. b5 c5 18. Ra1 Bf5 19. Bg2 Bh3 20. Ra4 Bxg2 21. Kxg2
d5 22. Qa1 Rxa4 23. Qxa4 dxc4 24. Qxc4 b6 25. Ra1 Qb7+ 26. f3 Re8 27. Kf2 Qe7
28. Re1 Ra8 1/2-1/2